Planet Mars / (Record no. 2963)

MARC details
000 -LEADER
fixed length control field 00824cam a22002654a 4500
005 - DATE AND TIME OF LATEST TRANSACTION
control field 20250825140230.0
020 ## - INTERNATIONAL STANDARD BOOK NUMBER
International Standard Book Number 9780811854054
040 ## - CATALOGING SOURCE
Original cataloging agency DLC
Transcribing agency DLC
Modifying agency DLC
Language of cataloging eng
050 00 - LIBRARY OF CONGRESS CALL NUMBER
Classification number QB641.S4947
Item number 2006
082 00 - DEWEY DECIMAL CLASSIFICATION NUMBER
Classification number 523.43
100 1# - MAIN ENTRY--PERSONAL NAME
Personal name Simon, Seymour
245 10 - TITLE STATEMENT
Title Planet Mars /
Statement of responsibility, etc. Seymour Simon.
250 ## - EDITION STATEMENT
Edition statement This edition was published in 2006
260 ## - PUBLICATION, DISTRIBUTION, ETC.
Place of publication, distribution, etc. San Francisco :
Name of publisher, distributor, etc. Chronicle Book LLC ,
Date of publication, distribution, etc. 2006
300 ## - PHYSICAL DESCRIPTION
Extent 31 unnumbered pages ;
Other physical details color illustrations, map ;
Dimensions 24 cm.
490 ## - SERIES STATEMENT
Series statement Seemore readers
505 ## - FORMATTED CONTENTS NOTE
Formatted contents note Q <br/>
520 ## - SUMMARY, ETC.
Summary, etc. Using simple text and illustrations, introduces readers to the red planet Mars.
521 ## - TARGET AUDIENCE NOTE
Target audience note 670 <br/>
Source Lexile <br/>
521 ## - TARGET AUDIENCE NOTE
Target audience note Q <br/><br/>
Source Raz-Plus <br/>
650 ## - SUBJECT ADDED ENTRY--TOPICAL TERM
Topical term or geographic name entry element planet
Form subdivision non-fiction
906 ## - LOCAL DATA ELEMENT F, LDF (RLIN)
a 7
b cbc
c orignew
d 1
e ecip
f 20
g y-gencatlg
942 ## - ADDED ENTRY ELEMENTS (KOHA)
Source of classification or shelving scheme Dewey Decimal Classification
Koha item type Books
Suppress in OPAC No
999 ## -
-- 2963
-- 2963
Holdings
Withdrawn status Lost status Source of classification or shelving scheme Damaged status Not for loan Collection Home library Current library Shelving location Date acquired Total Checkouts Full call number Barcode Date last seen Date last checked out Price effective from Koha item type Public note Copy number
    Dewey Decimal Classification     Non-Fiction Footprints International School Library Network Toul Tom Poung Campus Footprints International School Library Network Toul Tom Poung Campus TTP Primary Orange Bookshelves 01/26/2024 2 SIM 523.43 QB641.S4947 FISTK01237 11/26/2025 11/12/2025 01/26/2024 Books Paid 10$ ( March 14th 2025)  
    Dewey Decimal Classification     Non-Fiction Footprints International School Library Network Toul Tom Poung Campus Footprints International School Library Network Toul Tom Poung Campus TTP Primary Orange Bookshelves 08/25/2025 1 SIM 523.43 QB641.S4947 FIS03349 11/12/2025 10/22/2025 08/25/2025 Books   2